Chemical Process Industry Safety (Record no. 229814)

MARC details
000 -LEADER
fixed length control field 00479nam a2200181Ia 4500
008 - FIXED-LENGTH DATA ELEMENTS--GENERAL INFORMATION
fixed length control field 240823s9999||||xx |||||||||||||| ||und||
082 ## - DEWEY DECIMAL CLASSIFICATION NUMBER
-- 660.2804 Q4
100 ## - MAIN ENTRY--PERSONAL NAME
Personal name Raju K S N
245 #0 - TITLE STATEMENT
Title Chemical Process Industry Safety
250 ## - EDITION STATEMENT
Edition statement 1st
260 ## - PUBLICATION, DISTRIBUTION, ETC. (IMPRINT)
Date of publication, distribution, etc 2014
Name of publisher, distributor, etc McGraw Hill Education Private Li
500 ## - GENERAL NOTE
General note TRANSFERED
650 ## - SUBJECT ADDED ENTRY--TOPICAL TERM
Topical term or geographic name as entry element Chemical Process
942 ## - ADDED ENTRY ELEMENTS (KOHA)
Item type Books
Holdings
Withdrawn status Lost status Damaged status Permanent location Current location Shelving location Date acquired Source of acquisition Cost, normal purchase price Full call number Barcode Date last seen Koha item type
      CENTRAL LIBRARY, NOORUL ISLAM CENTRE FOR HIGHER EDUCATION CENTRAL LIBRARY, NOORUL ISLAM CENTRE FOR HIGHER EDUCATION   08/18/2018 Amazon Online Book 630.00 660.2804 Q4 78093 08/23/2024 Books
Visitors:
Copyright © 2024 Central Library NICHE.  All rights reserved.